Holy Mountains Lyrics - Statistics

General Stats
  • This quiz has been taken 6 times
  • The average score is 17 of 19
Answer Stats
Lyrics % Correct
Can you hear the {holy} {mountains}?
100%
{Demon}!
100%
{Free}
100%
{Honor}!
100%
{Killer}!
100%
{Liar}!
100%
{Murderer}!
100%
That you {have} {no}
100%
We have {learned}
100%
We're {free}
100%
Back to the River {Aras}!
83%
Can you feel their {haunting} presence?
83%
{Freedom}
83%
{Resting} on the mountainside
83%
{Sodomizer}!
83%
They have all {returned}
83%
They have {returned}
83%
Someone's {blank} {stare} deemed it warfare
50%
Someone's {mouth} {said} paint them all red
50%
No matching quizzes found
Score Distribution
Percent of People with Each Score
Percentile by Number Answered
Your Score History
You have not taken this quiz